| 000 | 00000nam##2200000za#4500 |
| 001 | 9.557966 |
| 003 | CaOODSP |
| 005 | 20210624172142 |
| 007 | cr ||||||||||| |
| 008 | 150406|2001||||xxc|||||o f|0| 0 eng|d |
| 020 | |a0-662-31130-2 |
| 022 | |a1925-0886 |
| 040 | |aCaOODSP|beng |
| 043 | |an-cn--- |
| 086 | 1 |aH113-9/2001-4E-IN |
| 110 | 1 |aCanada. |bPest Management Regulatory Agency. |
| 245 | 10|aEthylene - Eco Sprout Guard |h[electronic resource] |
| 260 | |aOttawa - Ontario : |bHealth Canada. |cOctober 5, 2001. |
| 300 | |a23p.|bglossary, tables |
| 490 | 1 |aProposed registration decision |x1925-0886|vPRDD 2001-04 |
| 590 | |a12-01-Supp|b2012-01-13 |
| 775 | 08|tÉthylène - Eco Sprout Guard |w(CaOODSP)9.590966 |
| 776 | 0#|tEthylene: Eco Sprout Guard |w(CaOODSP)9.615802 |
| 830 | #0|aProposed registration decision,|x1925-0886|vPRDD 2001-04|w(CaOODSP)9.504464 |
| 856 | 40|ahttp://publications.gc.ca|qPDF|s88 KB|uhttps://publications.gc.ca/collections/Collection/H113-9-2001-4E.pdf|yPRDD 2001-04 |